MARC details
| 000 -LEADER |
| fixed length control field |
01793nam a2200265 a 4500 |
| 008 - FIXED-LENGTH DATA ELEMENTS--GENERAL INFORMATION |
| fixed length control field |
081015s1980 ||||||||||||||||| || u |
| 020 ## - INTERNATIONAL STANDARD BOOK NUMBER |
| International Standard Book Number |
8121904927 |
| 050 ## - LIBRARY OF CONGRESS CALL NUMBER |
| Classification number |
HD 62.4 Nar |
| 100 ## - MAIN ENTRY--PERSONAL NAME |
| Personal name |
Narian, Laxmi |
| 245 10 - TITLE STATEMENT |
| Title |
Public enterprise management and privatisation --principles and practice of public enterprise management |
| Statement of responsibility, etc. |
Laxmi Narain |
| 260 ## - PUBLICATION, DISTRIBUTION, ETC. |
| Place of publication, distribution, etc. |
New Delhi |
| Name of publisher, distributor, etc. |
S. Chand and Company Ltd |
| Date of publication, distribution, etc. |
1980 |
| 300 ## - PHYSICAL DESCRIPTION |
| Extent |
xv, 432p.: ill. |
| 350 ## - |
| -- |
51800.00 |
| 650 #7 - SUBJECT ADDED ENTRY--TOPICAL TERM |
| Topical term or geographic name entry element |
BUSINESS ENTERPRISES |
| Source of heading or term |
fast |
| 650 #0 - SUBJECT ADDED ENTRY--TOPICAL TERM |
| Topical term or geographic name entry element |
MANAGEMENT |
| 650 ## - SUBJECT ADDED ENTRY--TOPICAL TERM |
| Topical term or geographic name entry element |
PRIVATISATION |
| 650 ## - SUBJECT ADDED ENTRY--TOPICAL TERM |
| Topical term or geographic name entry element |
GOVERNMENT BUSINESS ENTERPRISES-- MANAGEMENT |
| 995 ## - |
| -- |
TEXTBOOKS (SB) |
| -- |
51800.00 |
| -- |
1483 |
| -- |
CBU-SCHOOL TEXTBOOK COLLECTIONS |
| -- |
1 |
| -- |
0.00 |
| -- |
SCHOOL TEXTBOOK |
| -- |
6 |
| -- |
AVAILABLE |
| -- |
Oct 7, 2009 |
| -- |
1483 |
| -- |
School Collections |
| 995 ## - |
| -- |
ANNEX COLLECTION (Main Library) |
| -- |
51800.00 |
| -- |
738668 |
| -- |
CBU-MAIN LIBRARY (Kitwe) |
| -- |
1 |
| -- |
0.00 |
| -- |
HD 62.4 Nar |
| -- |
1 |
| -- |
AVAILABLE |
| -- |
Oct 15, 2008 |
| -- |
738668 |
| -- |
Annex Low-Usage Collection |
| 995 ## - |
| -- |
ANNEX COLLECTION (Main Library) |
| -- |
0.00 |
| -- |
738670 |
| -- |
CBU-MAIN LIBRARY (Kitwe) |
| -- |
1 |
| -- |
0.00 |
| -- |
HD 62.4 Nar |
| -- |
3 |
| -- |
AVAILABLE |
| -- |
Oct 15, 2008 |
| -- |
738670 |
| -- |
Annex Low-Usage Collection |
| 995 ## - |
| -- |
ANNEX COLLECTION (Main Library) |
| -- |
0.00 |
| -- |
738669 |
| -- |
CBU-MAIN LIBRARY (Kitwe) |
| -- |
1 |
| -- |
0.00 |
| -- |
HD 62.4 Nar |
| -- |
2 |
| -- |
AVAILABLE |
| -- |
Oct 15, 2008 |
| -- |
738669 |
| -- |
Annex Low-Usage Collection |
| 995 ## - |
| -- |
TEXTBOOKS (SB) |
| -- |
51800.00 |
| -- |
1484 |
| -- |
CBU-SCHOOL TEXTBOOK COLLECTIONS |
| -- |
1 |
| -- |
0.00 |
| -- |
SCHOOL TEXTBOOK |
| -- |
7 |
| -- |
AVAILABLE |
| -- |
Oct 7, 2009 |
| -- |
1484 |
| -- |
School Collections |
| 995 ## - |
| -- |
BINDERY (DAMAGED) |
| -- |
0.00 |
| -- |
738672 |
| -- |
CBU-MAIN LIBRARY (Kitwe) |
| -- |
1 |
| -- |
0.00 |
| -- |
HD 62.4 Nar |
| -- |
5 |
| -- |
DAMAGED |
| -- |
Oct 15, 2008 |
| -- |
738672 |
| -- |
Main Library Open Access Collection |
| 995 ## - |
| -- |
ANNEX COLLECTION (Main Library) |
| -- |
0.00 |
| -- |
738671 |
| -- |
CBU-MAIN LIBRARY (Kitwe) |
| -- |
1 |
| -- |
0.00 |
| -- |
HD 62.4 Nar |
| -- |
4 |
| -- |
AVAILABLE |
| -- |
Oct 15, 2008 |
| -- |
738671 |
| -- |
Annex Low-Usage Collection |
| 999 ## - |
| -- |
77137 |
| -- |
77137 |